[Event "Fisher Memorial"]
[Site "SchemingMind.com"]
[Date "2008.02.08"]
[Round "-"]
[White "Schaakmaatje"]
[Black "_keyes"]
[Result "0-1"]
[WhiteCountry "NED"]
[BlackCountry "ENG"]
[WhiteElo "1739"]
[WhiteRD "49"]
[BlackElo "1858"]
[BlackRD "80"]
[GameID "140227"]

1. d4 Nf6 2. c4 e6 3. Bg5 Be7 4. e3 b6 5. Be2 Bb7 6. Nf3 d6 7. O-O Nbd7 8. Nc3 c5 9. Rc1 h6 10. Bxf6 Bxf6
11. Nb5 Be7 12. d5 exd5 13. cxd5 Nf6 14. Nc3 a6 15. e4 O-O 16. Nd2 b5 17. Bd3 Nd7 18. f4 Bf6 19. Nf3 Re8 20. Kh1 Qb6
21. a3 c4 22. Bb1 Nc5 23. Bc2 Bxc3 24. bxc3 Nxe4 25. Bxe4 Rxe4 26. Nh4 Qc5 27. Qg4 Bc8 28. Nf5 Bxf5 29. Qxf5 Rae8 30. Qh5 Qe3
31. h3 Qg3 32. Qf5 Re2 33. Rg1 Qd3 34. Qg4 Qxd5 35. f5 R8e4 36. Rcd1 Qe5 37. Qf3 R2e3
0-1

[Event "Fisher Memorial"]
[Site "SchemingMind.com"]
[Date "2008.02.04"]
[Round "-"]
[White "Francisco Aquino"]
[Black "_keyes"]
[Result "1/2-1/2"]
[WhiteCountry "BRA"]
[BlackCountry "ENG"]
[WhiteElo "1727"]
[WhiteRD "75"]
[BlackElo "1858"]
[BlackRD "80"]
[GameID "140228"]

1. e4 c5 2. Nf3 d6 3. Bb5+ Bd7 4. Bxd7+ Qxd7 5. O-O Nc6 6. Nc3 e6 7. d4 cxd4 8. Nxd4 Nxd4 9. Qxd4 Be7 10. Be3 Nf6
11. Rad1 O-O 12. Rfe1 Ng4 13. Rd3 Nxe3 14. Qxe3 Rac8 15. Red1 a6 16. e5 d5 17. Qf4 b5 18. Rg3 Kh8 19. Qg4 Rg8 20. a3 Qc7
21. Qh5 g6 22. Qh6 Qxe5 23. Rh3 Qg7 24. Qe3 Bf6 25. Qf3 Bxc3 26. bxc3 Rc4 27. Rb1 Rgc8 28. Rb3 d4 29. cxd4 Rxc2 30. g4 Qxd4
31. Qxf7 Qd1+ 32. Kg2 Qxg4+ 33. Rbg3 Qe4+ 34. Rf3 h5 35. Qf6+ Kh7 36. Rh4 Qd5 37. Rd4 Qc6 38. Qf7+=
1/2-1/2

[Event "Fisher Memorial"]
[Site "SchemingMind.com"]
[Date "2008.02.03"]
[Round "-"]
[White "eraymond"]
[Black "_keyes"]
[Result "1-0"]
[WhiteCountry "CAN"]
[BlackCountry "ENG"]
[WhiteElo "2177"]
[WhiteRD "94"]
[BlackElo "1834"]
[BlackRD "79"]
[GameID "140233"]

1. e4 c5 2. Nf3 d6 3. d4 cxd4 4. Nxd4 Nf6 5. Nc3 a6 6. Bg5 e6 7. f4 Be7 8. Qf3 Nbd7 9. O-O-O Qc7 10. g4 b5
11. Bxf6 Nxf6 12. g5 Nd7 13. f5 Bxg5+ 14. Kb1 Ne5 15. Qh5 Qe7 16. Nxe6 Bxe6 17. fxe6 g6 18. exf7+ Kxf7 19. Qe2 Kg7 20. Nd5 Qd8
21. Bh3 Rf8 22. Be6 Qa5 23. h4 Bh6 24. h5 Rf3 25. hxg6 hxg6 26. Rxh6
1-0

[Event "Fisher Memorial"]
[Site "SchemingMind.com"]
[Date "2008.02.04"]
[Round "-"]
[White "eraymond"]
[Black "z"]
[Result "1-0"]
[WhiteCountry "CAN"]
[BlackCountry "IRQ"]
[WhiteElo "2107"]
[WhiteRD "101"]
[BlackElo "1832"]
[BlackRD "55"]
[GameID "140235"]

1. e4 e6 2. d4 d5 3. Nd2 c5 4. Ngf3 cxd4 5. Nxd4 Nc6 6. Nxc6 bxc6 7. Bd3 Nf6 8. O-O Be7 9. Qe2 O-O 10. e5 Nd7
11. Nf3 c5 12. c4 Nb6 13. b3 f5 14. exf6 Bxf6 15. Rb1 Re8 16. Ne5 Bxe5 17. Qxe5 Qf6 18. Bxh7+ Kf8 19. Qh5 e5 20. Bg5 Qf7
21. Bg6
1-0

[Event "Fisher Memorial"]
[Site "SchemingMind.com"]
[Date "2008.02.03"]
[Round "-"]
[White "eraymond"]
[Black "smothered mate"]
[Result "1-0"]
[WhiteCountry "CAN"]
[BlackCountry "POL"]
[WhiteElo "2107"]
[WhiteRD "101"]
[BlackElo "1947"]
[BlackRD "57"]
[GameID "140236"]

1. e4 c5 2. Nf3 d6 3. d4 cxd4 4. Nxd4 Nf6 5. Nc3 g6 6. Be3 Bg7 7. f3 O-O 8. Qd2 Nc6 9. O-O-O Bd7 10. g4 b5
11. Bxb5 Ne5 12. Be2 Qb8 13. g5 Nh5 14. f4 Ng4 15. f5 Nxe3 16. Qxe3 Rc8 17. Bxh5 gxh5 18. f6 exf6 19. gxf6 Bxf6 20. Rhg1+ Bg4
21. h3 Rc5 22. hxg4 h4 23. Nd5 Rxd5 24. exd5 Qd8 25. g5 Be5 26. Rh1 Bg3 27. Nf5
1-0

[Event "Fisher Memorial"]
[Site "SchemingMind.com"]
[Date "2008.02.08"]
[Round "-"]
[White "eraymond"]
[Black "Schaakmaatje"]
[Result "1-0"]
[WhiteCountry "CAN"]
[BlackCountry "NED"]
[WhiteElo "2201"]
[WhiteRD "94"]
[BlackElo "1739"]
[BlackRD "49"]
[GameID "140237"]

1. e4 e5 2. Nf3 Nc6 3. Bc4 Bc5 4. d3 Nf6 5. c3 d6 6. O-O O-O 7. b4 Bb6 8. a4 a5 9. b5 Ne7 10. Bg5 Ng6
11. Nbd2 h6 12. Be3 Bxe3 13. fxe3 c6 14. Rc1 d5 15. exd5 cxd5 16. Bb3 Be6 17. c4 d4 18. exd4 exd4 19. c5 Bxb3 20. Nxb3 Nd5
21. Qd2 Ne3 22. Rf2 Nf5 23. Rc4 Rc8 24. Nfxd4 Nxd4 25. Rxd4 Qe7 26. Re2 Qf6 27. Rc4 Rfe8 28. Rce4 Red8 29. Rf2 Qg5 30. Qxg5 hxg5
31. Nxa5 Rxc5 32. Nxb7 Rc1+ 33. Rf1 Rxf1+ 34. Kxf1 Rxd3 35. Re8+ Kh7 36. b6 Rb3 37. a5 Nf4 38. Nd6 Kg6 39. b7 Rb1+ 40. Re1 Rb2
41. a6
1-0

[Event "Fisher Memorial"]
[Site "SchemingMind.com"]
[Date "2008.02.04"]
[Round "-"]
[White "eraymond"]
[Black "Francisco Aquino"]
[Result "1-0"]
[WhiteCountry "CAN"]
[BlackCountry "BRA"]
[WhiteElo "2177"]
[WhiteRD "94"]
[BlackElo "1717"]
[BlackRD "75"]
[GameID "140238"]

1. e4 e5 2. Nf3 Nc6 3. Bc4 Nf6 4. Ng5 d5 5. exd5 Na5 6. Bb5+ c6 7. dxc6 bxc6 8. Be2 Be7 9. d3 O-O 10. O-O Rb8
11. Nd2 Nd5 12. Ngf3 Qc7 13. Re1 Re8 14. Bf1 Bd6 15. d4 Bg4 16. c4 Nf6 17. c5 Bf8 18. Qa4 e4 19. Ne5 Bd7 20. Nxe4 Nxe4
21. Rxe4 f6 22. Nxd7 Rxe4 23. Nxb8 Bxc5 24. Qc2 Rh4 25. g3 Rxd4 26. Na6 Qb6 27. Nxc5 Rd5 28. Be3 Qc7 29. Rd1 Rxd1 30. Qxd1 h6
31. b4 Nb7 32. Bc4+ Kh7 33. Ne6 Qe7 34. Qc2+ g6 35. Qe4 Qxb4 36. Qf4 Qb1+ 37. Bf1
1-0

[Event "Fisher Memorial"]
[Site "SchemingMind.com"]
[Date "2008.02.03"]
[Round "-"]
[White "_keyes"]
[Black "eraymond"]
[Result "0-1"]
[WhiteCountry "ENG"]
[BlackCountry "CAN"]
[WhiteElo "1834"]
[WhiteRD "79"]
[BlackElo "2177"]
[BlackRD "94"]
[GameID "140239"]

1. d4 Nf6 2. c4 e6 3. Nc3 d5 4. Bg5 Be7 5. e3 O-O 6. Nf3 Nbd7 7. Rc1 c6 8. Bd3 dxc4 9. Bxc4 Nd5 10. Bxe7 Qxe7
11. O-O Nxc3 12. bxc3 e5 13. dxe5 Nxe5 14. Nxe5 Qxe5 15. Qb3 b5 16. Be2 Be6 17. Qb2 Bd5 18. Rfd1 f5 19. Bf1 f4 20. exf4 Rxf4
21. Re1 Qf6 22. g3 Rf8 23. Rc2 Rb4
0-1

[Event "Fisher Memorial"]
[Site "SchemingMind.com"]
[Date "2008.02.03"]
[Round "-"]
[White "z"]
[Black "eraymond"]
[Result "0-1"]
[WhiteCountry "IRQ"]
[BlackCountry "CAN"]
[WhiteElo "1832"]
[WhiteRD "55"]
[BlackElo "2107"]
[BlackRD "101"]
[GameID "140241"]

1. f4 d5 2. e3 Nf6 3. Nf3 g6 4. b3 Bg7 5. Bb2 O-O 6. Be2 c5 7. O-O Nc6 8. Qe1 Qc7 9. d3 d4 10. g3 Bh3
11. e4 Bxf1 12. Qxf1 Ng4 13. Na3 Ne3 14. Qc1 e5 15. c3 exf4 16. cxd4 Qd7 17. Kh1 Nxd4 18. Qd2 fxg3 19. Qxe3 Nxf3 20. Bxg7 Qh3
0-1

[Event "Fisher Memorial"]
[Site "SchemingMind.com"]
[Date "2008.02.03"]
[Round "-"]
[White "smothered mate"]
[Black "eraymond"]
[Result "0-1"]
[WhiteCountry "POL"]
[BlackCountry "CAN"]
[WhiteElo "1947"]
[WhiteRD "57"]
[BlackElo "2107"]
[BlackRD "101"]
[GameID "140242"]

1. e4 e5 2. Nf3 Nc6 3. Nc3 Nf6 4. Nxe5 Nxe5 5. d4 Ng6 6. e5 Ng8 7. Bc4 d6 8. f4 dxe5 9. fxe5 Nxe5 10. dxe5 Qh4+
11. g3 Qxc4 12. Bg5 Be6 13. Qd2 h6 14. Be3 Bb4
0-1

[Event "Fisher Memorial"]
[Site "SchemingMind.com"]
[Date "2008.02.08"]
[Round "-"]
[White "Schaakmaatje"]
[Black "eraymond"]
[Result "0-1"]
[WhiteCountry "NED"]
[BlackCountry "CAN"]
[WhiteElo "1755"]
[WhiteRD "46"]
[BlackElo "2177"]
[BlackRD "94"]
[GameID "140243"]

1. e4 e5 2. f4 d5 3. exd5 exf4 4. Nf3 Nf6 5. Nc3 Nxd5 6. Bc4 Nxc3 7. bxc3 Bd6 8. O-O O-O 9. d4 Nd7 10. Qd3 Re8
11. Bd2 Nb6 12. Bb3 Qf6 13. Rae1 Bf5 14. Qb5 c6 15. Qa5 Rxe1 16. Rxe1 Nd7 17. c4 c5 18. d5 Ne5 19. Qc3 Nxf3+ 20. Qxf3 Qd4+
21. Qf2 Kf8 22. Kf1 Re8 23. Rxe8+ Kxe8 24. c3 Bd3+ 25. Kg1 Qe4 26. Qf3 Qxf3 27. gxf3 g5 28. a4 h5 29. Kf2 b6 30. Kg2 Kd7
31. h3 f5 32. Bc1 Be5 33. Bd2 g4 34. Ba2 Be2
0-1

[Event "Fisher Memorial"]
[Site "SchemingMind.com"]
[Date "2008.02.04"]
[Round "-"]
[White "Francisco Aquino"]
[Black "eraymond"]
[Result "0-1"]
[WhiteCountry "BRA"]
[BlackCountry "CAN"]
[WhiteElo "1772"]
[WhiteRD "75"]
[BlackElo "2107"]
[BlackRD "101"]
[GameID "140244"]

1. e4 e5 2. Nf3 Nc6 3. Bb5 a6 4. Bxc6 dxc6 5. O-O Qd6 6. Nc3 Bg4 7. d3 Nf6 8. Bg5 Nd7 9. h3 Bh5 10. a3 h6
11. Bh4 g5 12. Bg3 O-O-O 13. Re1 Qg6 14. b4 Be7 15. Bxe5 Bxf3 16. Qxf3 Nxe5 17. Qg3 g4 18. Qxe5 Bf6 19. Qc5 gxh3 20. g3 Bd4
21. Qc4 Qxg3+ 22. Kf1 Qxf2#
0-1

[Event "Fisher Memorial"]
[Site "SchemingMind.com"]
[Date "2008.02.03"]
[Round "-"]
[White "Steven DuCharme"]
[Black "_keyes"]
[Result "0-1"]
[WhiteCountry "USA"]
[BlackCountry "ENG"]
[WhiteElo "1633"]
[WhiteRD "71"]
[BlackElo "1858"]
[BlackRD "80"]
[GameID "140246"]

1. e4 c5 2. b3 e6 3. Bb2 Nf6 4. d3 d6 5. Nf3 Nbd7 6. Be2 Be7 7. O-O Qc7 8. Nbd2 a6 9. c4 b6 10. Re1 Bb7
11. Qc2 O-O-O 12. a4 a5 13. Nb1 h6 14. Nc3 Bc6 15. d4 cxd4 16. Nxd4 Nc5 17. Ncb5 Bxb5 18. Nxb5 Qb8 19. Bf3 e5 20. Rad1 g5
21. g3 g4 22. Bg2 h5 23. h4 gxh3 24. Bxh3+ Kb7 25. Ba3 h4 26. Bxc5 bxc5 27. Kg2 hxg3 28. fxg3 Rhg8 29. Qe2 Rg7 30. Rd3 Nh7
31. Nc3 Rdg8 32. Nd5 Bh4 33. Qh5 Bxg3 34. Rxg3 Rxg3+ 35. Kh2 R8g7 36. Rf1 Qe8 37. Qxh7 Rxh7 38. Kxg3 Qg8+ 39. Bg4 Qg5 40. Rf6 Qh4+
41. Kf3 Qh1+ 42. Ke3 Qe1+ 43. Kf3 Qd1+ 44. Kg3 Qxb3+ 45. Rf3 Qxc4
0-1

[Event "Fisher Memorial"]
[Site "SchemingMind.com"]
[Date "2008.02.05"]
[Round "-"]
[White "Steven DuCharme"]
[Black "jtrochez1"]
[Result "1-0"]
[WhiteCountry "USA"]
[BlackCountry "HON"]
[WhiteElo "1619"]
[WhiteRD "74"]
[BlackElo "1548"]
[BlackRD "57"]
[GameID "140247"]

1. e4 e5 2. Nf3 Nc6 3. Bc4 h6 4. O-O d6 5. d4 Bg4 6. dxe5 Nxe5 7. Be2 Bxf3 8. Bxf3 Qf6 9. Be2 g5 10. f4 Nc6
11. c3 Qe7 12. fxg5 hxg5 13. Bd3 Ne5 14. Rf5 O-O-O 15. Bxg5 Qe6 16. Bxd8 Kxd8 17. Na3 Nxd3 18. Qxd3 Qh6 19. h3 Ne7 20. Rxf7 Rg8
21. Raf1 a6 22. R1f6 Qc1+ 23. Kh2 Qxb2 24. Rxf8+ Rxf8 25. Rxf8+ Kd7 26. Nc4 Qb5 27. h4 Nc6 28. Qd5 Qxd5 29. exd5 Ne7 30. Ne3 Ng6
31. Rf7+ Kd8 32. h5 Ne5 33. Rg7 b5 34. h6 Ke8 35. h7
1-0

[Event "Fisher Memorial"]
[Site "SchemingMind.com"]
[Date "2008.02.03"]
[Round "-"]
[White "Steven DuCharme"]
[Black "z"]
[Result "1-0"]
[WhiteCountry "USA"]
[BlackCountry "IRQ"]
[WhiteElo "1621"]
[WhiteRD "71"]
[BlackElo "1821"]
[BlackRD "56"]
[GameID "140248"]

1. e4 e6 2. d4 d5 3. e5 c5 4. c3 Nc6 5. Nf3 Bd7 6. Bb5 c4 7. O-O a6 8. Bxc6 Bxc6 9. a4 b5 10. axb5 axb5
11. Rxa8 Qxa8 12. b4 cxb3 13. Qxb3 Qa4 14. Nbd2 Ne7 15. Ba3 Nc8 16. Bxf8 Rxf8 17. Qxa4 bxa4 18. Ra1 Kd7 19. Kf1 Nb6 20. Ke1 h6
21. h4 Ra8 22. Nb1 Nc4 23. Na3 Na5 24. Nd2 Rb8 25. Kd1 Nb3 26. Rb1 Kc7 27. Kc2 Nxd2 28. Kxd2 Rb3 29. Rxb3 axb3 30. Kc1 Kb6
31. Kb2 Ba4 32. Nb1 Kb5 33. Nd2 Ka5 34. Nxb3+= Bxb3 35. Kxb3 Kb5 36. g4 Ka5 37. c4 dxc4+ 38. Kxc4 Kb6 39. d5 exd5+ 40. Kxd5 Kc7
41. e6 fxe6+ 42. Kxe6
1-0

[Event "Fisher Memorial"]
[Site "SchemingMind.com"]
[Date "2008.02.03"]
[Round "-"]
[White "Steven DuCharme"]
[Black "smothered mate"]
[Result "1-0"]
[WhiteCountry "USA"]
[BlackCountry "POL"]
[WhiteElo "1633"]
[WhiteRD "71"]
[BlackElo "1938"]
[BlackRD "52"]
[GameID "140249"]

1. e4 c5 2. b3 d5 3. exd5 Qxd5 4. Nc3 Qd6 5. Bb2 Nf6 6. Bb5+ Bd7 7. Nf3 a6 8. Bxd7+ Nbxd7 9. O-O e6 10. d4 cxd4
11. Qxd4 Qxd4 12. Nxd4 O-O-O 13. Rfe1 Bc5 14. Rad1 Nb6 15. Ne4 Nxe4 16. Rxe4 Rd5 17. c4 Rg5 18. Nf3 Rg6 19. Nh4 Rg5 20. Re5 Rxe5
21. Bxe5 f6 22. Bc3 Rd8 23. Rxd8+ Kxd8 24. Nf3 Kd7 25. a4 Kd6 26. a5 Nd7 27. b4 Ba7 28. Nd2 e5 29. Kf1 b6 30. axb6 Bxb6
31. c5+ Nxc5 32. bxc5+ Kxc5 33. Ke2 a5 34. Kd3 Kb5 35. f3 h5 36. h3 h4 37. Ne4 a4 38. Nd6+ Kc6 39. Ne8 a3 40. Kc2 Bd4
41. Nxg7 a2 42. Bxd4 exd4 43. Kb2 Kd5 44. Kxa2 Kc4 45. Kb2 Kd3 46. Nf5 Ke2 47. Nxd4+ Kf2 48. Nf5 Kxg2 49. Nxh4+ Kxh3 50. Nf5 Kg2
51. Nd4 Kf2 52. Kc2 Ke3 53. Kc3 f5 54. Kc4 Kf4 55. Kd5 Kg5 56. Ke5 f4 57. Ke4
1-0

[Event "Fisher Memorial"]
[Site "SchemingMind.com"]
[Date "2008.02.08"]
[Round "-"]
[White "Steven DuCharme"]
[Black "Schaakmaatje"]
[Result "0-1"]
[WhiteCountry "USA"]
[BlackCountry "NED"]
[WhiteElo "1621"]
[WhiteRD "71"]
[BlackElo "1755"]
[BlackRD "46"]
[GameID "140250"]

1. e4 c5 2. Nf3 Nc6 3. d4 cxd4 4. c3 dxc3 5. Nxc3 g6 6. Be2 Bg7 7. Bd2 d6 8. O-O Nf6 9. Rc1 O-O 10. Re1 Bg4
11. h3 Bd7 12. a3 Rc8 13. b4 a6 14. Be3 b5 15. Qd2 Qe8 16. Nd4 Ne5 17. f4 Nc4 18. Bxc4 Rxc4 19. Bf2 Qc8 20. Kh2 e5
21. f5 exd4 22. Bxd4 Rxd4 23. Qxd4 Ng4+
0-1

[Event "Fisher Memorial"]
[Site "SchemingMind.com"]
[Date "2008.02.04"]
[Round "-"]
[White "Steven DuCharme"]
[Black "Francisco Aquino"]
[Result "0-1"]
[WhiteCountry "USA"]
[BlackCountry "BRA"]
[WhiteElo "1633"]
[WhiteRD "71"]
[BlackElo "1727"]
[BlackRD "75"]
[GameID "140251"]

1. e4 e5 2. Nf3 Nc6 3. Bb5 Nf6 4. O-O d6 5. Re1 Bg4 6. d4 Bxf3 7. Qxf3 a6 8. Bxc6+ bxc6 9. c3 Be7 10. Be3 exd4
11. cxd4 Rb8 12. b3 O-O 13. Nc3 Re8 14. d5 cxd5 15. exd5 h6 16. g4 Rb4 17. h3 Qd7 18. Rad1 Bf8 19. Bxh6 Rxe1+ 20. Rxe1 Nxg4
21. Bxg7 Bxg7 22. hxg4 Rxg4+ 23. Kf1 Bxc3 24. Qxc3 Qb5+ 25. Re2 Re4 26. Qc2 Re5 27. Ke1 Qa5+ 28. Kd1 Qxd5+ 29. Kc1 Rxe2 30. Qxe2 Qc6+
31. Kb2 d5 32. Qg4+ Kf8 33. Qd4 Ke7 34. f4 f6 35. a4 Qd6 36. b4 Qc6 37. Kb3 Ke6 38. Qe3+ Kf5 39. Qd3+ Kxf4 40. Qd4+ Kf5
41. Qf2+ Ke6 42. Qe3+ Kf7 43. Qh6 Qc4+ 44. Ka3 Qc3+ 45. Ka2 d4 46. Qh7+ Ke6 47. Qg8+ Ke5 48. Qe8+ Kf4 49. Qe6 f5 50. Qh6+ Ke4
51. Qh4+ f4 52. Qe7+ Kd3 53. Qh7+ Ke2 54. Qh2+ Ke3 55. Qg1+ Ke4 56. Qg2+ f3 57. Qg6+ Ke3 58. Qg5+ Ke2 59. Qe5+ Kf1
0-1

[Event "Fisher Memorial"]
[Site "SchemingMind.com"]
[Date "2008.02.03"]
[Round "-"]
[White "Steven DuCharme"]
[Black "eraymond"]
[Result "0-1"]
[WhiteCountry "USA"]
[BlackCountry "CAN"]
[WhiteElo "1621"]
[WhiteRD "71"]
[BlackElo "2177"]
[BlackRD "94"]
[GameID "140252"]

1. e4 e5 2. Bc4 Nf6 3. d3 c6 4. Nf3 d5 5. exd5 cxd5 6. Bb5+ Bd7 7. Bxd7+ Nbxd7 8. O-O Bd6 9. Re1 O-O 10. Nc3 Re8
11. a3 Qb6 12. b4 e4 13. dxe4 dxe4 14. Nd4 Bxh2+ 15. Kxh2 Qc7+ 16. g3 Qxc3 17. Be3 Ne5 18. Qd2 Qxd2 19. Bxd2 Rad8 20. c3 Rxd4
21. cxd4 Nf3+ 22. Kg2 Nxd2 23. Ra2 Nf3 24. Rd1 Nd5 25. Rc2 Kf8 26. Rc5 Rd8 27. Rb1 Ke7 28. a4 b6 29. Rc2 h6 30. a5 Kd6
31. b5 Nxd4 32. Rd2 Ke5 33. axb6 axb6
0-1

[Event "Fisher Memorial"]
[Site "SchemingMind.com"]
[Date "2008.02.04"]
[Round "-"]
[White "_keyes"]
[Black "Steven DuCharme"]
[Result "1-0"]
[WhiteCountry "ENG"]
[BlackCountry "USA"]
[WhiteElo "1834"]
[WhiteRD "79"]
[BlackElo "1621"]
[BlackRD "71"]
[GameID "140253"]

1. d4 d5 2. c4 dxc4 3. Nf3 Nf6 4. e3 g6 5. Bxc4 Bg7 6. Qb3 e6 7. O-O O-O 8. Bd2 a6 9. Nc3 b5 10. Bd3 Bb7
11. Ne5 Nbd7 12. a4 Nxe5 13. dxe5 Qxd3 14. exf6 Bxf6 15. Rad1 Qc4 16. Qxc4 bxc4 17. Rc1 Rad8 18. Rfd1 Rd3 19. f3 Rfd8 20. Nb1 Bxb2
21. Rxc4 Rxe3 22. Rb4 Rxd2 23. Nxd2 Bc3 24. Rxb7
1-0

[Event "Fisher Memorial"]
[Site "SchemingMind.com"]
[Date "2008.02.04"]
[Round "-"]
[White "jtrochez1"]
[Black "Steven DuCharme"]
[Result "1-0"]
[WhiteCountry "HON"]
[BlackCountry "USA"]
[WhiteElo "1548"]
[WhiteRD "57"]
[BlackElo "1619"]
[BlackRD "74"]
[GameID "140254"]

1. e4 d6 2. d4 Nf6 3. Bd3 g6 4. c3 Bg7 5. h3 e5 6. d5 c6 7. Bg5 h6 8. Bh4 g5 9. Bg3 h5 10. c4 h4
11. Bh2 Qb6 12. Qc2 g4 13. Nd2 Bd7 14. Nb3 Na6 15. a3 c5 16. Be2 Ba4 17. Bd1 Bxb3 18. Qxb3 Qxb3 19. Bxb3 Rb8 20. Ba4+ Ke7
21. Ne2 Nxe4 22. Bg1 f5 23. Bc2 b5 24. Bd3 bxc4 25. Bxe4 fxe4 26. Rb1 Nc7 27. Nc3 g3 28. fxg3 hxg3 29. Be3 Bf6 30. Ke2 Nb5
31. Nxb5 Rxb5 32. Rhc1 Rb3 33. Bd2 Rd3 34. Rxc4 Rxd5 35. Rxe4 Ke6 36. Rf1 Rd4 37. Rxd4 cxd4 38. b4 d5 39. a4 Bh4 40. b5 Rc8
41. Rc1 Rxc1 42. Bxc1 e4 43. Ba3 d3+ 44. Kd1 Bd8 45. Bb4 Bb6 46. Kd2 d4 47. a5 Bc7 48. a6 Bf4+ 49. Kd1 Kd5 50. h4 Kc4
51. b6 Bb8 52. bxa7 Bxa7 53. h5 Kxb4 54. h6 Ka5 55. h7 Kxa6 56. h8=Q Kb5 57. Qe5+ Bc5 58. Qxe4
1-0

[Event "Fisher Memorial"]
[Site "SchemingMind.com"]
[Date "2008.02.04"]
[Round "-"]
[White "z"]
[Black "Steven DuCharme"]
[Result "1-0"]
[WhiteCountry "IRQ"]
[BlackCountry "USA"]
[WhiteElo "1821"]
[WhiteRD "56"]
[BlackElo "1621"]
[BlackRD "71"]
[GameID "140255"]

1. e4 c6 2. d4 d5 3. e5 Bf5 4. Bd3 Bxd3 5. Qxd3 e6 6. Nf3 Nd7 7. O-O h6 8. b3 b5 9. c4 bxc4 10. bxc4 Ne7
11. c5 Ng6 12. Na3 a5 13. Nc2 Be7 14. Nfe1 O-O 15. f4 f5 16. Ne3 Qc7 17. g4 Rfb8 18. gxf5 exf5 19. Nxf5 Ndf8 20. Nd6 Bxd6
21. cxd6 Qd7 22. Ng2 Nh8 23. f5 Ra7 24. Nf4 Re8 25. Kh1 Nf7 26. Ba3 Ng5 27. e6 Nfxe6 28. fxe6 Nxe6 29. Nxe6 Rxe6 30. Rf4 Ra8
31. Raf1 g6 32. Rf6 Rae8 33. Qxg6+
1-0

[Event "Fisher Memorial"]
[Site "SchemingMind.com"]
[Date "2008.02.04"]
[Round "-"]
[White "smothered mate"]
[Black "Steven DuCharme"]
[Result "1-0"]
[WhiteCountry "POL"]
[BlackCountry "USA"]
[WhiteElo "1964"]
[WhiteRD "53"]
[BlackElo "1621"]
[BlackRD "71"]
[GameID "140256"]

1. e4 b6 2. Nf3 Bb7 3. Bc4 e6 4. Nc3 Nf6 5. d3 Be7 6. O-O d6 7. h3 Nbd7 8. Be3 O-O 9. Ne2 c5 10. c3 d5
11. exd5 exd5 12. Bb3 d4 13. cxd4 Bxf3 14. gxf3 cxd4 15. Nxd4 Rc8 16. Nf5 Re8 17. Nd4 Nc5 18. Bc2 Qd7 19. Kh2 Bd6+ 20. f4 Bxf4+
21. Bxf4 Qxd4 22. Qf3 Qxb2 23. Rfc1 Qc3 24. Qg3 Nh5 25. Qg4 Nf6 26. Qg3 Nh5 27. Qg4 Nxf4 28. Qxf4 Nxd3 29. Bxd3 Qxd3 30. Rxc8 Rxc8
31. Rc1 Qd8 32. Qd4 Qe8 33. Qe4 g6 34. Rxc8 Qxc8 35. h4 Qe6 36. Qa8+ Kg7 37. Qxa7 h5 38. a4 Kh6 39. Qb8 Qg4 40. Qh8#
1-0

[Event "Fisher Memorial"]
[Site "SchemingMind.com"]
[Date "2008.02.08"]
[Round "-"]
[White "Schaakmaatje"]
[Black "Steven DuCharme"]
[Result "1-0"]
[WhiteCountry "NED"]
[BlackCountry "USA"]
[WhiteElo "1739"]
[WhiteRD "49"]
[BlackElo "1633"]
[BlackRD "71"]
[GameID "140257"]

1. e4 c6 2. d4 d5 3. Nc3 dxe4 4. Nxe4 Nf6 5. Nxf6+ exf6 6. Bc4 Be7 7. Ne2 O-O 8. Bf4 b5 9. Bb3 a5 10. a4 Re8
11. O-O Nd7 12. d5 Bb7 13. d6 Bf8 14. Nd4 b4 15. Nf5 Ne5 16. Qd2 Ng6 17. Bg3 Qd7 18. Rae1 Rxe1 19. Rxe1 Qxf5 20. Bc4 Rd8
21. Bd3 Qd5 22. c4 Qc5 23. Bxg6 fxg6 24. d7 Kf7 25. Bc7 Be7 26. Bxd8 Bxd8 27. Re8 Qb6 28. Qd6 g5 29. Qf8+ Kg6 30. Rxd8 Qd4
31. Qe8+ Kh6 32. Qe2 Ba6 33. b3 c5 34. Ra8
1-0

[Event "Fisher Memorial"]
[Site "SchemingMind.com"]
[Date "2008.02.05"]
[Round "-"]
[White "Francisco Aquino"]
[Black "Steven DuCharme"]
[Result "1-0"]
[WhiteCountry "BRA"]
[BlackCountry "USA"]
[WhiteElo "1772"]
[WhiteRD "75"]
[BlackElo "1630"]
[BlackRD "69"]
[GameID "140258"]

1. e4 c5 2. Nf3 d6 3. Nc3 Nf6 4. Bb5+ Bd7 5. Bxd7+ Nbxd7 6. O-O g6 7. d4 Bg7 8. dxc5 Nxc5 9. Re1 O-O 10. Bg5 a6
11. Qd2 b5 12. Rad1 Qc7 13. h3 Nfd7 14. Nd5
1-0

[Event "Fisher Memorial"]
[Site "SchemingMind.com"]
[Date "2008.02.04"]
[Round "-"]
[White "eraymond"]
[Black "Steven DuCharme"]
[Result "1-0"]
[WhiteCountry "CAN"]
[BlackCountry "USA"]
[WhiteElo "2107"]
[WhiteRD "101"]
[BlackElo "1630"]
[BlackRD "69"]
[GameID "140259"]

1. e4 g6 2. d4 Bg7 3. Nc3 d6 4. Nf3 Nf6 5. Be2 O-O 6. O-O b6 7. Re1 Bb7 8. e5 Nbd7 9. exf6 exf6 10. Bc4 Re8
11. Rxe8+ Qxe8 12. Bf4 Nf8 13. d5 a6 14. Qd2 Nd7 15. Re1 Ne5 16. Nxe5 fxe5 17. Bh6 f5 18. Bxg7
1-0

[Event "Fisher Memorial"]
[Site "SchemingMind.com"]
[Date "2008.02.04"]
[Round "-"]
[White "pcmvr"]
[Black "Steven DuCharme"]
[Result "1-0"]
[WhiteCountry "NED"]
[BlackCountry "USA"]
[WhiteElo "2142"]
[WhiteRD "124"]
[BlackElo "1621"]
[BlackRD "71"]
[GameID "140268"]

1. b4 b6 2. Bb2 Bb7 3. e3 Nf6 4. Nf3 e6 5. b5 Be7 6. Be2 d6 7. Nc3 Nbd7 8. Nd4 O-O 9. O-O Nb8 10. f4 Nbd7
11. a4 e5 12. Nc6 Bxc6 13. bxc6 Nb8 14. Bf3 exf4 15. a5 Qe8 16. Nb5 Bd8 17. Bxf6 gxf6 18. axb6 Nxc6 19. Nd4 fxe3 20. Bxc6 Qe5
21. dxe3 Qxe3+ 22. Kh1 Be7 23. Nf5
1-0

[Event "Fisher Memorial"]
[Site "SchemingMind.com"]
[Date "2008.02.03"]
[Round "-"]
[White "pcmvr"]
[Black "_keyes"]
[Result "1-0"]
[WhiteCountry "NED"]
[BlackCountry "ENG"]
[WhiteElo "2220"]
[WhiteRD "93"]
[BlackElo "1970"]
[BlackRD "72"]
[GameID "140269"]

1. b4 e5 2. Bb2 d6 3. c4 Be6 4. e3 Nf6 5. Nf3 Be7 6. Be2 Nbd7 7. d4 e4 8. Nfd2 d5 9. cxd5 Bxd5 10. b5 O-O
11. Nc3 c6 12. O-O Bd6 13. bxc6 bxc6 14. Qc2 Re8 15. Rab1 Qc7 16. h3 Rab8 17. Rfc1 Qd8 18. Nxd5 cxd5 19. Qa4 Ra8 20. Nb3 Nb6
21. Qa6 Qe7 22. Na5 Nfd7 23. Nb7 Reb8 24. Nxd6 Qxd6 25. Ba3 Qe6 26. Rc7 g6 27. Rbc1 Kg7 28. Bb5 Nf6 29. Re7 Qf5 30. Re5 Qc8
31. Rxc8 Rxc8 32. Re7
1-0

[Event "Fisher Memorial"]
[Site "SchemingMind.com"]
[Date "2008.02.03"]
[Round "-"]
[White "pcmvr"]
[Black "z"]
[Result "1-0"]
[WhiteCountry "NED"]
[BlackCountry "IRQ"]
[WhiteElo "2186"]
[WhiteRD "110"]
[BlackElo "1796"]
[BlackRD "55"]
[GameID "140271"]

1. b4 e5 2. Bb2 Bxb4 3. f4 d6 4. fxe5 dxe5 5. Bxe5 Nf6 6. Nf3 Nc6 7. Bc3 Bd6 8. e3 O-O 9. Bd3 Nb4 10. O-O Nxd3
11. cxd3 Bg4 12. Bxf6 Qxf6 13. Nc3 Qh6 14. h3 f5 15. Qb3+ Kh8 16. Qxb7 Rae8 17. Rab1 Re6 18. Nb5 Bg3 19. Nbd4 Ref6 20. Ne2 Bd6
21. Qxa7 c5 22. d4 c4 23. hxg4 fxg4 24. Ne5 c3 25. Nxc3 g3 26. Rxf6 Qh2+ 27. Kf1 Rxf6+ 28. Ke2 Qxg2+ 29. Kd3 h5 30. Ne4 Bxe5
31. Qa8+
1-0